'M' Cities by Picture Quiz Stats

 Plays Quiz Updated May 24, 2017

Score 0/20 Timer 07:00
4 Plays Today
% Correct
Moscow, Russia
97.1%
Mexico City, Mexico
91.3%
Mecca, Saudi Arabia
78%
Melbourne, Australia
76%
Miami, Florida, USA
74.7%
Madrid, Spain
68.7%
Milan, Italy
64%
Manchester, United Kingdom
61.5%
Macau, China
56.7%
Mumbai, India
51.2%
% Correct
Montreal, Canada
47.6%
Munich, Germany
47.5%
Montevideo, Uruguay
44.3%
Memphis, Tennessee, USA
40.2%
Marrakesh, Morocco
37.8%
Manila, Philippines
32.7%
Medellín, Colombia
32.1%
Mogadishu, Somalia
31%
Muscat, Oman
24.9%
Mostar, Bosnia and Herzegovina
20.1%

You're not logged in!

Compare scores with friends on all Sporcle quizzes.
OR
Log In

Show Comments

Extras

Top Quizzes Today


Score Distribution

Your Account Isn't Verified!

In order to create a playlist on Sporcle, you need to verify the email address you used during registration. Go to your Sporcle Settings to finish the process.

Report this User

Report this user for behavior that violates our Community Guidelines.

Details: